Loading...
| Literature - American | 0 | 5 | 0 | 0 | 50 | 52 | 93.60 | 1 | 3 | 0.00 | 0.00 |
| Literature - British | 0 | 5 | 0 | 0 | 50 | 17 | 82.20 | 2 | 4 | 0.00 | 0.00 |
| Mythology | 0 | 2 | 0 | 0 | 20 | 113 | 131.50 | 0 | 1 | 0.00 | 0.00 |
| Religion | 0 | 2 | 0 | 1 | 20 | 130 | 130.00 | 0 | 1 | 0.00 | 0.00 |
| Literature - European | 0 | 2 | 1 | 0 | 15 | 91 | 107.00 | 1 | 1 | 0.00 | 0.00 |
| Literature - World | 0 | 2 | 1 | 0 | 15 | 104 | 108.50 | 0 | 1 | 0.00 | 0.00 |
| History - Other | 0 | 2 | 1 | 0 | 15 | 118 | 121.50 | 0 | 0 | 0.00 | 0.00 |
| Fine Arts - Other | 0 | 1 | 0 | 0 | 10 | 126 | 126.00 | 0 | 0 | 0.00 | 0.00 |
| Science - Chemistry | 0 | 1 | 0 | 1 | 10 | 111 | 111.00 | 0 | 0 | 0.00 | 0.00 |
| History - American | 0 | 1 | 0 | 0 | 10 | 98 | 98.00 | 1 | 1 | 0.00 | 0.00 |
| Philosophy | 0 | 1 | 0 | 1 | 10 | 125 | 125.00 | 0 | 0 | 0.00 | 0.00 |
| Fine Arts - Painting and Sculpture | 0 | 1 | 0 | 0 | 10 | 116 | 116.00 | 0 | 1 | 0.00 | 0.00 |
| Fine Arts - Classical Music | 0 | 0 | 0 | 0 | 0 | 0.00 | 0 | 0 | 0.00 | 0.00 | |
| History - World | 0 | 0 | 1 | 0 | -5 | 0.00 | 0 | 0 | 0.00 | 0.00 | |
| History - European | 0 | 0 | 1 | 0 | -5 | 0.00 | 0 | 0 | 0.00 | 0.00 | |
| Social Science | 0 | 0 | 1 | 0 | -5 | 0.00 | 0 | 0 | 0.00 | 0.00 |